PATHFIT1 : physical activities towards health and fitness 1 (movement competency training) / Ahli I. Frigillana [and three others]. (Record no. 21563)

000 -LEADER
fixed length control field 00542nam a22001457a 4500
020 ## - INTERNATIONAL STANDARD BOOK NUMBER
ISBN 9786210800371
082 ## - DEWEY DECIMAL CLASSIFICATION NUMBER
Classification number 613.71
Item number F9128 2023
100 ## - MAIN ENTRY--AUTHOR NAME
Personal name Frigillana, Ahli I., author.
245 ## - TITLE STATEMENT
Title PATHFIT1 : physical activities towards health and fitness 1 (movement competency training) / Ahli I. Frigillana [and three others].
260 ## - PUBLICATION, DISTRIBUTION, ETC. (IMPRINT)
Place of publication Malabon City :
Name of publisher Mutya Publishing House, Inc.,
Year of publication ©2023.
300 ## - PHYSICAL DESCRIPTION
Number of Pages 120 pages :
Other physical details illustrations ; 26 cm.
500 ## - GENERAL NOTE
General note Includes bibliographical references.
650 ## - SUBJECT ADDED ENTRY--TOPICAL TERM
Topical Term Physical fitness.
942 ## - ADDED ENTRY ELEMENTS (KOHA)
Koha item type Books
Holdings
Source of acquisition Permanent Location Date acquired Koha item type Collection code Accession Number Lost status Shelving location Withdrawn status Current Location Full call number
SchoolCagayan State University - Carig Library2025-12-04BooksApplied Sciences011247 General Collection Cagayan State University - Carig Library613.71 F9128 2023
SchoolCagayan State University - Carig Library2025-12-04BooksApplied Sciences011248 General Collection Cagayan State University - Carig Library613.71 F9128 2023
SchoolCagayan State University - Carig Library2025-12-04BooksApplied Sciences011249 General Collection Cagayan State University - Carig Library613.71 F9128 2023

Cagayan State University University Library, Carig Campus
Tuguegarao City, Cagayan 3500 | www.csucarig.edu.ph

Powered by Koha